Music Quiz

Random Music or Celebrity Quiz

Celebrity Profile: Mariah Carey Quiz Stats

 Plays Quiz not verified by Sporcle

Support Sporcle.
Go Orange.
Score 0/25 Timer 10:00
0 Plays Today
Question Answer % Correct
Name a Mariah Carey album...Mariah Carey...
96.2%
Can you name one movie that Mariah Carey has starred in?...Glitter...
93.1%
Who is Mariah Carey married to?Nick Cannon
92.7%
How many octaves does Mariah Carey's voice officially span?Five
91.7%
What state was Mariah Carey born in?New York
90.3%
What rapper was allegedly the subject of Mariah Carey's hit 'Obsessed'?Eminem
89.5%
What was the name of Mariah Carey's first charting hit?Vision of Love
89%
Name an artist that has more number ones on the US Billboard Hot 100 than Mariah Carey.The Beatles
84.3%
The Mariah Carey/Whitney Houston hit 'When You Believe' was performed for what film?The Prince of Egypt
81.1%
What video sees Mariah Carey riding a jet ski?Honey
79.3%
In what year did Mariah Carey perform The Star Spangled Banner at the Super Bowl?2002
79.3%
Mariah Carey was rated #6 all time artist on the Billboard Hot 100. Name an artist that placed above her on this.ranking that didn't have more number one singles....Madonna...
78.4%
What Foreigner song did Mariah Carey cover in 2009?I Want To Know What Love Is
75.4%
Question Answer % Correct
How long did her 2005 hit 'We Belong Together' spend at number one in the USA?14 Weeks
74.5%
Mariah Carey regularly sings incredibly high notes. What is the name of this vocal registerThe Whistle Register
73.5%
Who was Mariah Carey's first husband?Tommy Mottola
73.1%
What date is Mariah Carey's birthday?27 March
61.9%
Who did Mariah Carey sing backing for in the 1980's?Brenda K Starr
57.3%
What is the name of Mariah Carey's dog that appears in the video for 'Dreamlover' and 'All I Want For Christmas Is You'?Jack
56.8%
What is the name of one of Mariah Carey's #1 singles in the United Kingdom?...Without You...
56.3%
Name one of Mariah Carey's siblings.Alison
53.8%
What was the name of Mariah Carey's 2006 world tour?The Adventures of Mimi
53.1%
What is the name of the song that Mariah Carey sang with her mother on her most recent Christmas album?O Come All Ye Faithful/Hallelujah Chorus
41.5%
What is the name of Mariah Carey's champagne?Angel Champagne
29.4%
The song '100%' was used as a theme for what major sporting event?2010 Winter Olympics
29.3%

You're not logged in!

Compare scores with friends on all Sporcle quizzes.
OR
Log In

From the Vault

50 Hits to Click: 1989

by caramba

If you had fun on this quiz, Cher it with a friend.
Remove Ads.
Support Sporcle.
Get the best of Sporcle when you Go Orange. This ad-free experience offers more features, more stats, and more fun while also helping to support Sporcle. Thank you for becoming a member.

Show Comments

Extras

Top Quizzes Today


Score Distribution

Your Account Isn't Verified!

In order to create a playlist on Sporcle, you need to verify the email address you used during registration. Go to your Sporcle Settings to finish the process.

Report this User

Report this user for behavior that violates our Community Guidelines.

Details: